00487nam a2200205Ia 4500003000900000008004100009040001300050040001300063041000800076100001600084245007100100250001200171260001400183260000900197300001100206300001200217490003100229490000600260600001500266IT-RoPAU120407s9999 xx 000 0 und d aIT-RoPAU cIT-RoPAU aita aRonald Knox aIlluminati e carismatici. Una storia dell’entusiasmo religioso aBologna aIl Mulino c1970 a848 p. c21,5 cm aCollana di studi religiosi v1 a1. Titolo